<?xml version="1.0" encoding="UTF-8"?>
<record
    xmlns:xsi="http://www.w3.org/2001/XMLSchema-instance"
    xsi:schemaLocation="http://www.loc.gov/MARC21/slim http://www.loc.gov/standards/marcxml/schema/MARC21slim.xsd"
    xmlns="http://www.loc.gov/MARC21/slim">

  <leader>03555    a2200253   4500</leader>
  <controlfield tag="001">56897</controlfield>
  <controlfield tag="005">20260407155832.0</controlfield>
  <controlfield tag="008">260407a1973    arg                 spa d</controlfield>
  <controlfield tag="003">AR-UNSa-BCEJYS</controlfield>
  <datafield tag="040" ind1=" " ind2=" ">
    <subfield code="a">AR-UNSa-BCEJYS</subfield>
    <subfield code="b">spa</subfield>
    <subfield code="c">AR-UNSa-BCEJYS</subfield>
  </datafield>
  <datafield tag="080" ind1=" " ind2=" ">
    <subfield code="a">330.101.542</subfield>
    <subfield code="x">Microeconom&#xED;a</subfield>
  </datafield>
  <datafield tag="245" ind1="1" ind2="0">
    <subfield code="a">Microeconom&#xED;a</subfield>
  </datafield>
  <datafield tag="250" ind1=" " ind2=" ">
    <subfield code="a">2a. ed.</subfield>
  </datafield>
  <datafield tag="264" ind1=" " ind2="1">
    <subfield code="a">M&#xE9;xico :</subfield>
    <subfield code="b">Interamericana</subfield>
    <subfield code="c">1973</subfield>
  </datafield>
  <datafield tag="300" ind1=" " ind2=" ">
    <subfield code="a">xiii, 459 p.</subfield>
    <subfield code="c">26 cm.</subfield>
  </datafield>
  <datafield tag="505" ind1=" " ind2=" ">
    <subfield code="a">1. La organizaci&#xF3;n social econ&#xF3;mica / Frank H. Knight - 2. La metodolog&#xED;a de la econom&#xED;a positiva / Milton Friedman &#x2013; 3. Los supuestos en la teor&#xED;a econ&#xF3;mica / Ernest Nagel &#x2013; 4. El significado de la medici&#xF3;n / Armen A. Alchian &#x2013; 5. La revisi&#xF3;n de la teor&#xED;a de la demanda del profesor Hicks / Fritz Machlup &#x2013; 6. La curva de demanda marshalliana / Milton Friedman &#x2013; 7. La curva de demanda marshalliana / Martin J. Bailey &#x2013; 8. Los efectos de la imitaci&#xF3;n, el snobismo y de Veblen en la teor&#xED;a de la demanda del consumidor individual / Harvey Leibenstein &#x2013; 9. Las bases de algunos progresos recientes en cuanto a la teor&#xED;a de la empresa / Armen A. Alchian &#x2013; 10. La divisi&#xF3;n del trabajo resulta limitada por la extensi&#xF3;n del mercado / George J. Stigler &#x2013; 11. Una reconsideraci&#xF3;n del corto plazo / Louis De Alessi &#x2013; 12. Costos y producci&#xF3;n / Armen A. Alchian &#x2013; 13. Una exposici&#xF3;n no matem&#xE1;tica de la programaci&#xF3;n matem&#xE1;tica o lineal / Robert Dorfman &#x2013; 14. &#xBF;Qu&#xE9; es competencia perfecta? / Joan Robinson &#x2013; 15. El concepto de monopolio y la medici&#xF3;n del poder de monopolio / Abba P. Lerner &#x2013; 16. Excesos de capacidad y competencia monopol&#xED;stica / John M. Cassels &#x2013; 17. Un tratamiento para los gastos de publicidad / Norman S. Buchanan &#x2013; 18. La curva de demanda aplanada y la teor&#xED;a de la utilidad / G. Warren Nutter &#x2013; 19. Naturaleza del equilibrio en la competencia monopol&#xED;stica / Harold Demsetz &#x2013; 20. Firmas con plantas m&#xFA;ltiples, c&#xE1;rtels y competencia imperfecta / Don Patinkin &#x2013; 21. Los mapas de indiferencia de Stackelberg: extensi&#xF3;n del an&#xE1;lisis a mercados relacionados / William Fellner &#x2013; 22. Entrada potencial al oligopolio / Douglas Needham &#x2013; 23. Aspectos econ&#xF3;micos de la fijaci&#xF3;n de precios de transferencia / Jack Hirshleifer &#x2013; 24. El problema de las proporciones de uso de los factores en los pa&#xED;ses subdesarrollados / Richard S. Eckaus &#x2013; 25. Crimen y castigo: un enfoque econ&#xF3;mico / Gary S. Becker &#x2013; 26. La discriminaci&#xF3;n de precios en medicina / Reuben A. Kessel &#x2013; 27. El teorema de Euler y el problema de la distribuci&#xF3;n / Joan Robinson &#x2013; 28. Una reformulaci&#xF3;n de la teor&#xED;a ingenua del beneficio / Martin Bronfenbrenner &#x2013; 29. La geometr&#xED;a del capital y el inter&#xE9;s: Una propuesta de simplificaci&#xF3;n / Donald J. Dewey &#x2013; 30. El mercado de trabajo de los jugadores de b&#xE9;isbol / Simon Rottenberg &#x2013; 31. Efectos de los sindicatos en la asignaci&#xF3;n de los recursos / Albert Ress &#x2013; 32. An&#xE1;lisis simplificado de la maximizaci&#xF3;n del bienestar / Francis M. Bator &#x2013; 33. El problema del costo social / Ronald Coase &#x2013; 34. Anatom&#xED;a del fracaso del mercado / Francis M. Bator &#x2013; 35. Exposici&#xF3;n diagram&#xE1;tica de una teor&#xED;a del gasto p&#xFA;blico / Paul A. Samuelson &#x2013; 36. Una teor&#xED;a econ&#xF3;mica de los clubes / James M. Buchanan.</subfield>
  </datafield>
  <datafield tag="041" ind1=" " ind2=" ">
    <subfield code="a">spa</subfield>
  </datafield>
  <datafield tag="942" ind1=" " ind2=" ">
    <subfield code="c">BK</subfield>
  </datafield>
  <datafield tag="590" ind1=" " ind2=" ">
    <subfield code="a">niveau_biblio:m niveau_hierar:0</subfield>
  </datafield>
  <datafield tag="100" ind1="1" ind2=" ">
    <subfield code="a">Breit, William</subfield>
  </datafield>
  <datafield tag="700" ind1="1" ind2=" ">
    <subfield code="a">Hochman, Harold M.</subfield>
  </datafield>
  <datafield tag="700" ind1="1" ind2=" ">
    <subfield code="a">Givogri, Carlos A.</subfield>
  </datafield>
  <datafield tag="856" ind1="4" ind2="1">
    <subfield code="u">https://biblioeco.unsa.edu.ar/pmb/images/libros/L128629.jpg</subfield>
    <subfield code="y">Imagen de portada</subfield>
    <subfield code="q">image/jpeg</subfield>
  </datafield>
  <datafield tag="999" ind1=" " ind2=" ">
    <subfield code="c">6068</subfield>
    <subfield code="d">6068</subfield>
  </datafield>
  <datafield tag="952" ind1=" " ind2=" ">
    <subfield code="0">0</subfield>
    <subfield code="1">0</subfield>
    <subfield code="4">0</subfield>
    <subfield code="7">0</subfield>
    <subfield code="a">BCEJYS</subfield>
    <subfield code="b">BCEJYS</subfield>
    <subfield code="c">16</subfield>
    <subfield code="d">2026-04-07</subfield>
    <subfield code="l">0</subfield>
    <subfield code="o">330.101.542 B835 2ed.</subfield>
    <subfield code="p">L128629</subfield>
    <subfield code="r">2026-04-07 15:58:32</subfield>
    <subfield code="w">2026-04-07</subfield>
    <subfield code="y">L</subfield>
  </datafield>
</record>
